000147005 001__ 147005 000147005 005__ 20210414091353.0 000147005 0247_ $$2ISSN$$a1290-0729 000147005 0247_ $$2WOS$$aWOS:000177082700011 000147005 0247_ $$2DOI$$a10.1016/S1290-0729(02)01360-1 000147005 0247_ $$2HSB$$aalm70005749x 000147005 0247_ $$2SCOPUS$$aSCOPUS:2-s2.0-0036083106 000147005 037__ $$aRWTH-CONV-026457 000147005 041__ $$aEnglish 000147005 1001_ $$0P:(DE-82)IDM03846$$aal-Sibai, Faruk$$b0$$eAuthor$$urwth 000147005 245__ $$aLocal and instantaneous distribution of heat transfer rates through wavy films$$honline, print 000147005 260__ $$aParis$$bElsevier$$c2002 000147005 3367_ $$0PUB:(DE-HGF)16$$2PUB:(DE-HGF)$$aJournal Article$$bjournal$$mjournal 000147005 3367_ $$2DataCite$$aOutput Types/Journal article 000147005 3367_ $$00$$2EndNote$$aJournal Article 000147005 3367_ $$2BibTeX$$aARTICLE 000147005 3367_ $$2ORCID$$aJOURNAL_ARTICLE 000147005 3367_ $$2DRIVER$$aarticle 000147005 591__ $$aGermany 000147005 7001_ $$0P:(DE-82)005469$$aLeefken, Ansgar$$b1$$eAuthor 000147005 7001_ $$0P:(DE-82)005472$$aRenz, Ulrich$$b2$$eAuthor 000147005 773__ $$0PERI:(DE-600)2013298-0$$a10.1016/S1290-0729(02)01360-1$$p658-663$$tInternational journal of thermal sciences : IJTS = Revue générale de thermique$$v41$$x1290-0729 000147005 909CO $$ooai:publications.rwth-aachen.de:147005$$pVDB 000147005 9151_ $$0StatID:(DE-HGF)0031$$2StatID$$aPeer reviewed article 000147005 9201_ $$0I:(DE-82)412610_20140620$$k412610$$lLehrstuhl für Wärmeübertragung und Klimatechnik$$x0 000147005 961__ $$c2014-08-12$$x2008-01-16 000147005 970__ $$aalm70005749x 000147005 980__ $$ajournal 000147005 980__ $$aI:(DE-82)412610_20140620 000147005 980__ $$aVDB 000147005 980__ $$aUNRESTRICTED 000147005 980__ $$aConvertedRecord